Statistics for Title in the Lyrics -- Songs From 2011

Click here to take the quiz!

General Stats

  • This quiz has been taken 152 times
  • The average score is 9 of 15

Answer Stats

Lyrics Title % Correct
Nevermind, I'll find _______ ___ ___ / I wish nothing but the best for you tooSomeone Like You
97%
You don't know you're beautiful, oh oh / That's ____ _____ ___ _________What Makes You Beautiful
86%
Tonight / __ ___ _____ / So let's set the world on fire / We can burn brighter / Than the sunWe Are Young
83%
I got passion in my pants / And I ain't afraid to show it (show it, show it, show it) / I'm ____ ___ _ ____ __Sexy And I Know It
80%
____ ______ _____ / Yeah, we danced on tabletops / And we took too many shots / Think we kissed but I forgotLast Friday Night
78%
Boy, you got my heart beat running away / Beating like a drum and its coming your way / Can't you hear that boom-ba-doom-boom-boom-ba-doom-boom-bass / (He got that _____ ____)Super Bass
78%
No you didn't have to stoop so low / Have your friends collect your records and then change your number / I guess that I don't need that though / Now you're just ________ ____ _ ____ __ ____Somebody That I Used To Know
71%
All the other kids with the ______ __ _____ / You better run, better run, outrun my gunPumped Up Kicks
70%
It's ______, ______ / Gotta get down on ______ / Everybody's lookin' forward to the weekend, weekendFriday
69%
Take me by the tongue and I'll know you / Kiss me 'til you're drunk and I'll show you all the _____ ___ ______Moves Like Jagger
49%
It's _ ______ in the morning / Conversation got boring / You said you're goin' to bed soon / So I snuck off to your bedroom5 O'Clock
35%
_______ _______ and we're dancing on the edge of the Hollywood sign / I don't know if I'll make it but watch how good I'll fake it / It's all right, all right, _______ _______Tonight Tonight
25%
Wild like Los Angeles (my fantasy) / Hotter than Miami (I feel the heat) / Oh oh oh oh it's _____________ ____International Love
19%
You had a lot of crooks tryna steal your heart / Never really had luck, couldn't ever figure out / ___ __ ____ / ___ __ ____How To Love
19%
You know if I ball, then we all gonna stunt / Send her my way, she ain't gotta hold up / Whenever you call baby I ____ __Roll Up
9%

Score Distribution

Percentile by Number Answered

Percent of People with Each Score

Your Score History

You have not taken this quiz